000
00338nam a2200133Ia 4500
008
240624s9999 xx 000 0 und d
041
_a
eng
082
_a
330 KUM
100
_a
KUMAR SUDHIR
245
_a
BANKRUPTCY TO BILLIONS HOW THE INDIAN RA
260
_c
2009
_a
New Delhi
_b
Oxford India
300
_a
xx, : 207 : p.
365
_c
RS
_b
30
999
_c
21592
_d
21592